60 câu hỏi-đáp về nuôi cá

Uloženo v:
Podrobná bibliografie
Hlavní autor: Phạm Văn Trang
Médium: Kniha
Jazyk:Undetermined
Vydáno: Hà Nội Nông nghiệp 1983
Témata:
Tagy: Přidat tag
Žádné tagy, Buďte první, kdo otaguje tento záznam!
Thư viện lưu trữ: Trung tâm Học liệu Trường Đại học Cần Thơ
LEADER 00519nam a2200181Ia 4500
001 CTU_14423
008 210402s9999 xx 000 0 und d
082 |a 639.31 
082 |b Tr106 
100 |a Phạm Văn Trang 
245 0 |a 60 câu hỏi-đáp về nuôi cá 
245 0 |c Phạm Văn Trang, Trần Văn Vỹ 
260 |a Hà Nội 
260 |b Nông nghiệp 
260 |c 1983 
650 |a fish-culture 
904 |i Minh, 970103 
980 |a Trung tâm Học liệu Trường Đại học Cần Thơ